• 首页
  • 本馆介绍
  • 公告通知
  • 最新文献
  • 馆藏检索
  • 电子资源
  • 读者导购
  • 参考咨询
  • 我的图书馆
  • 登录
  • 详细信息显示
  • 放入我的书架
  • 预约/预借图书
  • 作者相关作品
  • 分类相关作品
  • 丛书相关作品
  • 出版社相关作品

书目信息

  • 表格格式
  • 工作单格式
  • 卡片格式
题名:
应用物理基础
    
 
作者: 姚淑娜 主编
分册:  
出版信息: 北京   机械工业出版社  2019.06
页数: 364页
开本: 26cm
丛书名:
单 册:
中图分类: O59
科图分类:
主题词: 应用物理学--ying yong wu li xue--高等教育--教材 , 应用物理学--ying yong wu li xue
电子资源:
ISBN: 978-7-111-39391-7
000 00959nam0 2200265 450
001 2033469848
005 20201122095130.64
010    @a978-7-111-39391-7@dCNY43.00
100    @a20130127d2019 em y0chiy50 ea
101 0  @achi
102    @aCN@b110000
105    @aa z 000yy
106    @ar
200 1  @a应用物理基础@9ying yong wu li ji chu@e少学时@f姚淑娜主编
205    @a2版
210    @a北京@c机械工业出版社@d2019.06
215    @a364页@c图@d26cm
300    @a普通高等教育“十二五”规划教材
330    @a本书将重心放在了对机械运动、电磁运动和热运动这三种自然界最基本、最常见运动形式的描述上,主要内容有质点力学、刚体力学、相对论、静电场、恒定磁场、电磁感应、振动与波动、波动光学、气体动理论和热力学基础等。
606 0  @a应用物理学@9ying yong wu li xue@x高等教育@j教材
606 0  @a应用物理学@9ying yong wu li xue
690    @aO59@v5
701  0 @a姚淑娜@9yao shu na@4主编
801  0 @aCN@bBJSZM@c20201120
905    @b1244112-5@dO59@e8=2@f4
    
    应用物理基础:少学时/姚淑娜主编.-2版.-北京:机械工业出版社,2019.06
    364页:图;26cm
    普通高等教育“十二五”规划教材
    
    ISBN 978-7-111-39391-7:CNY43.00
    本书将重心放在了对机械运动、电磁运动和热运动这三种自然界最基本、最常见运动形式的描述上,主要内容有质点力学、刚体力学、相对论、静电场、恒定磁场、电磁感应、振动与波动、波动光学、气体动理论和热力学基础等。
●
相关链接 在E读中查询图书 在五车中查询图书 在当当中查询图书 在豆瓣中查询图书


正题名:应用物理基础     索取号:O59/8=2         预约/预借

序号 登录号 条形码 馆藏地/架位号 状态 备注
1 1244112   212441124   第二样本阅览室/ [索取号:O59/8=2] 在馆    
2 1244113   212441133   第三借阅区/ [索取号:O59/8=2] 在馆    
3 1244114   212441142   第三借阅区/ [索取号:O59/8=2] 在馆    
4 1244115   212441151   第三借阅区/ [索取号:O59/8=2] 在馆    
唐山师范学院图书馆 欢迎您!
大连网信软件有限公司© 版权所有